<?xml version="1.0" encoding="UTF-8"?>
<record
    xmlns:xsi="http://www.w3.org/2001/XMLSchema-instance"
    xsi:schemaLocation="http://www.loc.gov/MARC21/slim http://www.loc.gov/standards/marcxml/schema/MARC21slim.xsd"
    xmlns="http://www.loc.gov/MARC21/slim">

  <leader>02484nam a22003617a 4500</leader>
  <controlfield tag="001">00007951</controlfield>
  <controlfield tag="003">DO-SdBPM</controlfield>
  <controlfield tag="005">20250707124846.0</controlfield>
  <controlfield tag="007">ta</controlfield>
  <controlfield tag="008">160610b2011 cl  |||| 00| 0 spa d</controlfield>
  <datafield tag="020" ind1=" " ind2=" ">
    <subfield code="a">9789589825259</subfield>
  </datafield>
  <datafield tag="040" ind1=" " ind2=" ">
    <subfield code="a">DO-SdBPM</subfield>
    <subfield code="b">spa</subfield>
    <subfield code="c">BPMSU</subfield>
    <subfield code="e">rda</subfield>
  </datafield>
  <datafield tag="082" ind1=" " ind2="4">
    <subfield code="a">398.354</subfield>
    <subfield code="b">B328L 2011</subfield>
    <subfield code="2">22</subfield>
  </datafield>
  <datafield tag="100" ind1="1" ind2=" ">
    <subfield code="4">Bateman Vargas, Catalina.</subfield>
    <subfield code="e">autora</subfield>
  </datafield>
  <datafield tag="240" ind1="1" ind2="0">
    <subfield code="a">Huila-Bibliograf&#xED;a regional </subfield>
  </datafield>
  <datafield tag="245" ind1="1" ind2="0">
    <subfield code="a">Liderazgo y color en los monumentos funerarios prehisp&#xE1;nicos del Sur del Alto Magdalena, Colombia /</subfield>
    <subfield code="c">Catalina Bateman Vargas.</subfield>
  </datafield>
  <datafield tag="260" ind1=" " ind2=" ">
    <subfield code="a"> Bogot&#xE1; :</subfield>
    <subfield code="b">Fundaci&#xF3;n de Investigaciones Arqueol&#xF3;gicas Nacionales : Universidad de los Andes. Facultad de Ciencias Sociales, </subfield>
    <subfield code="c"> </subfield>
  </datafield>
  <datafield tag="264" ind1=" " ind2=" ">
    <subfield code="a">Bogot&#xE1; :</subfield>
    <subfield code="b">Banco de la Rep&#xFA;blica. Fundaci&#xF3;n de Investigaciones Arqueol&#xF3;gicas Nacionales :</subfield>
    <subfield code="b">Universidad de los Andes. Facultad de Ciencias Sociales,  </subfield>
    <subfield code="c">2011</subfield>
  </datafield>
  <datafield tag="300" ind1=" " ind2=" ">
    <subfield code="a">149 p&#xE1;ginas  : </subfield>
    <subfield code="b">ilustraciones., mapas ; </subfield>
    <subfield code="c">23 cm.</subfield>
  </datafield>
  <datafield tag="336" ind1=" " ind2=" ">
    <subfield code="a">texto</subfield>
    <subfield code="b">txt</subfield>
    <subfield code="2">rdacontent</subfield>
  </datafield>
  <datafield tag="337" ind1=" " ind2=" ">
    <subfield code="a">sin mediaci&#xF3;n </subfield>
    <subfield code="b">n</subfield>
    <subfield code="2">rdamedia </subfield>
  </datafield>
  <datafield tag="338" ind1=" " ind2=" ">
    <subfield code="a">volumen </subfield>
    <subfield code="b">nc</subfield>
    <subfield code="2">rdacarrier </subfield>
  </datafield>
  <datafield tag="500" ind1=" " ind2=" ">
    <subfield code="a">Incluye datos biogr&#xE1;ficos de la autora en las solapas</subfield>
  </datafield>
  <datafield tag="500" ind1=" " ind2=" ">
    <subfield code="a">Incluye referencias bibliogr&#xE1;ficas y notas al pie de las p&#xE1;ginas.</subfield>
  </datafield>
  <datafield tag="504" ind1=" " ind2=" ">
    <subfield code="a">Bibliograf&#xED;a : p&#xE1;ginas 135</subfield>
  </datafield>
  <datafield tag="505" ind1="0" ind2=" ">
    <subfield code="t">Introduccion. Metodolog&#xED;a --</subfield>
    <subfield code="t">Sociedades complejas y materializacion del poder ideologico. Monumentos funerarios :?identidad o Rivalidad? --</subfield>
    <subfield code="t">Centros funerarios : transformacion del paisaje --</subfield>
    <subfield code="t">Los artesanos de monumentos funerarios.?Como se obtuvo el color? : Tecnicas policromas --</subfield>
    <subfield code="t">Los artesanos de monumentos funerarios.?</subfield>
    <subfield code="t">&#xBF;Como se obtuvo el color? : Tecnicas policromas --</subfield>
    <subfield code="t">Tecnicas de decoracion de los monumentos. Aplicacion directa --</subfield>
    <subfield code="t">Reflejo del color ; Bases de preparacion ; Capas coloreadas --</subfield>
    <subfield code="t">Elite, prestigio y color. Variables, categorias y criterios de analisis ; La matriz del analisis ; El analisis :?diferencias de prestigio entre la elite? --</subfield>
    <subfield code="t">Consideraciones finales y conclusiones --</subfield>
    <subfield code="t">Anexo 1. Analisis preliminares para la identificacion de pigmentos y otros materiales --</subfield>
    <subfield code="t">Anexo 2. Analisis de microscopia electronica de barrido.</subfield>
  </datafield>
  <datafield tag="590" ind1=" " ind2=" ">
    <subfield code="a">Inventariado, 2025/VM</subfield>
  </datafield>
  <datafield tag="650" ind1=" " ind2="7">
    <subfield code="a">Culto a los antepasados </subfield>
    <subfield code="z">San Agust&#xED;n (Huila, Colombia).  </subfield>
  </datafield>
  <datafield tag="650" ind1=" " ind2="7">
    <subfield code="a">Ritos y ceremonias f&#xFA;nebres</subfield>
    <subfield code="z">San Agust&#xED;n (Huila, Colombia).  </subfield>
  </datafield>
  <datafield tag="650" ind1=" " ind2="7">
    <subfield code="a">Muertos ( religi&#xF3;n, folclor, etc.)</subfield>
    <subfield code="z">San Agust&#xED;n (Huila, Colombia). </subfield>
  </datafield>
  <datafield tag="910" ind1=" " ind2=" ">
    <subfield code="a">VMateo V. Control de calidad. BPMSU </subfield>
  </datafield>
  <datafield tag="942" ind1=" " ind2=" ">
    <subfield code="2">ddc</subfield>
    <subfield code="c">BK</subfield>
  </datafield>
  <datafield tag="952" ind1=" " ind2=" ">
    <subfield code="0">0</subfield>
    <subfield code="1">0</subfield>
    <subfield code="2">ddc</subfield>
    <subfield code="7">0</subfield>
    <subfield code="8">CG</subfield>
    <subfield code="a">BPMET</subfield>
    <subfield code="b">BPMET</subfield>
    <subfield code="d">2016-06-10</subfield>
    <subfield code="e">Biblioteca Nacional Pedro Henr&#xED;quez Ure&#xF1;a</subfield>
    <subfield code="l">0</subfield>
    <subfield code="o">BPMSU CG 398.354 B328L 2011</subfield>
    <subfield code="p">BPMSU16060140</subfield>
    <subfield code="r">2016-06-10</subfield>
    <subfield code="w">2016-06-10</subfield>
    <subfield code="y">BK</subfield>
  </datafield>
  <datafield tag="999" ind1=" " ind2=" ">
    <subfield code="c">10348</subfield>
    <subfield code="d">10348</subfield>
  </datafield>
</record>
